00363pab a2200109 454500008003600000245002800036650001000064773003400074909001000108999001700118952011800135180718b xxu||||| |||| 00| 0 eng d aReview of women studies aWomen aEconomic and Political Weekly a23308 c23308d23308 00104070aIIPAbIIPAd2018-07-19hIssue no: 27(43-44) 24 Oct.92, p.WS46-99pAR23377r2018-07-19w2018-07-19yAR